Statystyki dla najdrożsi piłkarze z top 10 lig

Kliknij tutaj aby rozwiązać quiz!

Ogólne statystyki

  • Ten quiz został rozwiązany 386 razy
  • Średni wynik to 4 z 10

Statystyki odpowiedzi

liga/wartość/narodowośćOdpowiedź% Poprawnych
Liga hiszpańska/112mln€/ArgentynaLionel Messi
97%
Liga francuska/180mln€/FrancjaKylian Mbappe
88%
Liga włoska/72mln€/ArgentynaPaulo Dybala
58%
Liga angielska/128mln€/AngliaRaheem Sterling
56%
Liga niemiecka/117mln€/AngliaJadon Sancho
55%
Liga belgijska/22,5mln€/KanadaJonathan David
21%
Liga holenderska/44mln€/HolandiaDonny Van De Beek
16%
Liga portugalska/32mln€/BrazyliaAlex Telles
10%
Liga ukraińska/16mln€/ukrainaViktor Tsygankov
6%
Liga rosyjska/30,5mln€/BrazyliaMalcolm
4%

Rozkład punktacji

Percentyl według liczby udzielonych odpowiedzi

Procent ludzi z każdym wynikiem

Twoja historia wyników

Nie rozwiązałeś tego quizu